书目信息 |
| 题名: |
基于Linux嵌入式原理与应用开发
|
|
| 作者: | 赵国安 , 郁斌 , 薛琳强 编著 | |
| 分册: | ||
| 出版信息: | 北京 清华大学出版社 2008.10 |
|
| 页数: | 237页 | |
| 开本: | 20cm | |
| 丛书名: | ||
| 单 册: | ||
| 中图分类: | TP316.85 | |
| 科图分类: | ||
| 主题词: | 软件 | |
| 电子资源: | ||
| ISBN: | 978-7-302-18218-4 | |
| 000 | 00731nam0 2200241 45 | |
| 001 | 1139309770 | |
| 005 | 20110702105836.65 | |
| 010 | @a978-7-302-18218-4@dCNY30.00 | |
| 100 | @a20110620d2008 ekmy0 y0120 ea | |
| 102 | @aCN@b130000 | |
| 102 | @aCN@b110000 | |
| 105 | @ay z 000yy | |
| 200 | 1 | @a基于Linux嵌入式原理与应用开发@f赵国安, 郁斌, 薛琳强编著@Fzhao guo an,yu bin,xue lin qiang bian zhu |
| 210 | @a北京@c清华大学出版社@d2008.10 | |
| 215 | @a237页@d20cm | |
| 606 | 0 | @a软件 |
| 690 | @aTP316.85@v4 | |
| 701 | 0 | @a赵国安@Azhao guo an@4编著 |
| 701 | 0 | @a郁斌@Ayu bin@4编著 |
| 701 | 0 | @a薛琳强@Axue lin qiang@4编著 |
| 801 | 0 | @aCN@b安徽儒林@c20110702 |
| 905 | @a10447@dTP316.85@eZ300 | |
| 906 | @cQH@dCNY30.00@n5@r1 | |
| 基于Linux嵌入式原理与应用开发/赵国安, 郁斌, 薛琳强编著.-北京:清华大学出版社,2008.10 |
| 237页;20cm |
| ISBN 978-7-302-18218-4:CNY30.00 |
| ● |
| 相关链接 |
|
|
|
正题名:基于Linux嵌入式原理与应用开发
索取号:TP316.85/Z300
 
预约/预借
| 序号 | 登录号 | 条形码 | 馆藏地/架位号 | 状态 | 备注 |
| 1 | 842321 | 208423213 | 自科库301/301自科库 58排6列3层/ [索取号:TP316.85/Z300] | 在馆 | |
| 2 | 842322 | 208423222 | 自科二线504/504自科库 5排4列4层/ [索取号:TP316.85/Z300] | 在馆 | |
| 3 | 842323 | 208423231 | 自科二线504/504自科库 7排2列1层/ [索取号:TP316.85/Z300] | 在馆 | |
| 4 | 842324 | 208423240 | 自科库301/301自科库 58排6列3层/ [索取号:TP316.85/Z300] | 在馆 | |
| 5 | 842325 | 208423259 | 自科二线504/504自科库 7排2列1层/ [索取号:TP316.85/Z300] | 在馆 |